000 00279nam a2200109Ia 4500
005 20251222154425.0
008 251222s9999||||xx |||||||||||||| ||spa||
082 _a641.5/D69
100 _a"Díaz-Cañabate, Antonio"
245 0 _aPaseillo por el planeta de los toros
942 _cLIB
999 _c36178
_d36178